000 01068nam a2200229Ia 4500
999 _c51523
_d51523
001 18512
003 GE_BSU
005 20250523152746.0
008 181216s2014||||ge |||||||||||||| ||geo||
020 _a9789941133428
040 _cGE_BSU
041 _ageo
080 _a330(075.8) ს-38
100 _aსეფაშვილი, ეკა
_912640
245 _aპრაქტიკული რეკომენდაციები ეკონომიკურ საკითხებზე :
_b სამეცნ. ნაშრომის დასაწერად დამწყებთათვის /
_cეკა სეფაშვილი; რედ. ავთანდილ სილაგაძე.
264 _aთბილისი :
_bთბილ. უნ-ტის გამ-ბა,
_c2014.
300 _a120 გვ. :
_bცხრ. ;
_c20 სმ.
504 _aბიბლიოგრ.: გვ. 118-119.
653 _aეკონომიკა
653 _aურბანული ეკონომიკა
942 _cBK
_2udc